| 000 | 01913nam0a2200325 4500 | ||
|---|---|---|---|
| 001 | RU\NLR\BIBL_A\012893284 | ||
| 005 | 20260407114747.0 | ||
| 035 | _a(NLR Aleph) 012893284 | ||
| 090 |
_a12557808 _c12557808 |
||
| 100 | _a20181112d1900 |||y0rusy50 ca | ||
| 101 | 0 | _arus | |
| 102 | _aRU | ||
| 105 | _ay z 000zy | ||
| 200 | 1 |
_aОб установлении некоторых мер для прекращения злоупотреблений в торговле гарными маслами _fМинистерство финансов. Департамент торговли и мануфактур. Отделение I. 12 июня 1900 года. № 22245 |
|
| 210 |
_a[Санкт-Петербург] _cТипография В. Киршбаума _d1900 |
||
| 215 |
_a25 с. _d34 |
||
| 300 | _aВ конце текста: Министр Финансов, Статс-Секретарь (подписал) Витте; Директор (скрепил) В. Ковалевский | ||
| 309 | _aБез тит. л. и обл. | ||
| 606 | 1 |
_aГарное масло _jДокументы и материалы _xТорговля _xГосударственный контроль _yРоссия _92546740 _3RU\NLR\AUTH\6601720608 |
|
| 686 | 3 | _aХ819(2)127,011 | |
| 702 | 1 |
_4720 _7ca _8rus _aВитте _bС. Ю. _f1849-1915 _gСергей Юльевич _9112761 _3RU\NLR\AUTH\772753 |
|
| 702 | 1 |
_4720 _aКовалевский _bВ. И. _cгос. деятель _f1848-1934 _gВладимир Иванович _9197574 _3RU\NLR\AUTH\770197625 |
|
| 711 | 0 | 1 |
_aРоссия _bМинистерство финансов _9390360 _3RU\NLR\AUTH\889947360 |
| 712 | 0 | 1 |
_4570 _aРоссия _bДепартамент торговли и мануфактур _9357568 _3RU\NLR\AUTH\889931051 |
| 852 |
_aNLR _b135/295-6 (19) |
||
| 942 | _cBOOK | ||
| 980 | _aNB | ||